Kingfisher annual review 2003

Salvato in:
Dettagli Bibliografici
Natura: Libro
Lingua:inglese
Pubblicazione: London Kingfisher plc 2003
Soggetti:
Tags: Aggiungi Tag
Nessun Tag, puoi essere il primo ad aggiungerne!!

MARC

LEADER 00000nam$a2200000$$$4500
001 0024251
005 20240108123827.3
041 0 |a eng 
044 |a GB 
245 1 0 |a Kingfisher  |b annual review 2003 
264 1 |a London  |b Kingfisher plc  |c 2003 
300 |a 52 s. 
610 2 0 |a maloobchod 
610 2 0 |a potreby pre domácnosť 
610 2 0 |a elektrotechnika 
610 2 0 |a nábytok 
610 2 0 |a poradenstvo 
610 2 0 |a výrobky 
610 2 0 |a predaj 
610 2 0 |a domy obchodné 
610 2 0 |a obchod medzinárodný 
610 2 0 |a akcionári 
610 2 0 |a politika finančná 
610 2 0 |a výkazy účtovné 
610 2 0 |a Veľká Británia